00497nam a2200145Ia 4500008004100000041000800041082001200049100002100061245004500082260004500127300003200172365001100204999001700215952011900232240624s9999 xx 000 0 und d aeng a828 NEM aNEMANI SHANKAR G aSTAY YOUNG AND HEALTHY THROUGH THE BUSIN c2014aNew DelhibIndian Publishing House aviii, : 152 : p. : cm. ; 21 cRSb25 c23888d23888 00104070aIMTNbIMTNcRack 42-Ad2014-11-13eWBDg175.00o828 NEMp23888r2024-06-24 00:00:00t1w2024-06-24yBK